000 00510nam a2200169Ia 4500
003 GCL
008 140319s9999 xx 000 0 ara d
040 _aGCL /
_cGCL
082 0 4 _a818.03
_bع ز
100 1 _aعبدالحميد متولى
245 1 0 _aزكريات وكامات فى نصف قرن 1931 - 1979 /
_cعبدالحميد متولى
260 _a[S.N] :
_bمنشاة المعارف الاسلامية
300 _a264 ص
490 _a
650 0 4 _aالعصر الحديث
942 _2ddc
_cBK
999 _c55809
_d55809